00480nam a2200157Ia 4500008004100000020001400041082001700055100002100072245005500093250000700148260004500155300003200200500001900232600002100251650005000272240925s9999 xx 000 0 und d a132683199 a004.0218 CAR aCargill ,Carl F. 0aOpen Systems Standardization: a business approach  aNA aNew Jersey:bPrintice- Hall Int.c,1997. aVarious pagesbNAfOriginal aIncludes Index aComputer Science aComputer science, information & general works